00649cam a2200181 a 450000100100000000500170001000800410002704000300006808200170009810000390011524500810015426000600023530000350029549000270033060000450035765100360040283000290043800000713420200929154057.0750319s1971 sp ac 000 0 spa  aDO-SdBNPbspacNICdBNPHU a923.9bL864S1 aSanz y Díaz, José,d1907-1988.10aLópez de Legazpi :bFundador de Manila, 1571-1971 /cJosé Sanz y Díaz. aMadrid, (España) :bPublicaciones Españolas,c1971. a79 p. :bil., retrs. ;c21 cm.1 aTemas españolesv51914aLEGAZPI, MIGUEL LÓPEZ DE,d1510?-1572. 4aFilipinasxHistoriay1521-1812. 0aTemas españoles ;v519